000 00289nam a2200121Ia 4500
008 220120s9999||||xx |||||||||||||| ||und||
082 _a823
100 _aShearer, Alex
_911914
245 0 _aTins
260 _aHeinemann Elt
_bBelagaum
_c2007
300 _a95p.;28cm
_b0
650 _aCHEMISTRY
999 _c137453
_d137453